000 00898nas a2200277Ia 4500
001 R018/42772
003 IT-RoPAU
008 151124c99999999xx |||||||||||| ||und||
040 _aIT-RoPAU
040 _cIT-RoPAU
041 _aFRANCESE
100 _aFournier Guy
_gCodice Aut. SPICS: 21963
210 _aFILM ECHANGE
222 _aFilm Echange
245 _aFILM ECHANGE, ANNO 04-N.14 (PRIMAVERA 1981)
_bRelever Le Defi Du Film Americain
250 _a1a ed.
260 _aPARIS
_bS.E.P.P.
_c1981
501 _bPaulus - SPICS - Società San Paolo EM (non-commercial uses only)
_cCopyright2015
300 _a8 p. [65-72]
362 _aANNO 004, N.14 (PRIMAVERA 1981)
500 _aRaccoglire la Sfida del Film Americano. Promuovere i Cinema Nazionali.
650 _aCINEMA
_vPUBBLICAZIONE PERIODICA
700 _aSenecal Michel
700 _gCodice Aut. SPICS: 21964
942 _cCR
999 _c116767
_d116767